Datum a čas kvízu
35
Celkem bodů
Celkový počet nahraných bodů na tomto kvízu bez doplňovacích otázek.
4.
Pořadí na kvízu
Konečné umístění týmu na tomto kvízu.
Zaznamenané odpovědi
| # | Otázka | Odpověď | Body | Výsledky |
|---|---|---|---|---|
| 1. | Dle rozhodnutí soudu z minuléh... | Tomio Okamura | 1 | |
| 2. | Aktuálně nejstarším žijícím ps... | C | 1 | |
| 3. | Minulý týden se do Olomouce vr... | ve Slovinsku | 0 | |
| 4. | Jedna z českých nápojářských z... | Kofola | 1 | |
| 5. | Českým házenkářkám se povedl m... | Francie | 1 | |
| 6. | Tímto tématem navazujeme v naš... | B | 1 | |
| 7. | Papírová dvacetikoruna byla v... | Přemysl Otakar I. | 0 | |
| 8. | V loňském roce oslavila své dv... | Met Gala | 1 | |
| 9. | Nyní se podíváme do periodické... | vápník | 1 | |
| 10. | V roce 1920 se v Berlíně narod... | Helmut Newton | 0 |